[Event "EU-ch (Women) 3rd"]
[Site "Varna"]
[Date "2002.06.05"]
[Round "9"]
[White "Dimovska, Aleksandra"]
[Black "Polushkina, Svetlana"]
[Result "1-0"]
[WhiteElo "2114"]
[BlackElo "2159"]
[PlyCount "129"]
[EventDate "2002.05.27"]
[EventType "swiss"]
[EventRounds "11"]
[EventCountry "BUL"]
[SourceTitle "CBM 088 Extra"]
[Source "ChessBase"]
[SourceDate "2002.07.01"]
[SourceVersion "2"]
[SourceVersionDate "2002.07.01"]
[SourceQuality "1"]

1. e4 c6 2. Nf3 d5 3. Nc3 Bg4 4. h3 Bxf3 5. Qxf3 e6 6. d3 Nf6 7. Bd2 Nbd7 8. g4 Bd6 9. g5 Ne5 10. Qe2 d4 11. gxf6 dxc3 12. Bxc3 Qxf6 13. 0-0-0 Qg5+ 14. Bd2 Qe7 15. f4 Nd7 16. Rg1 g6 17. Qf3 0-0-0 18. Bc3 Rhe8 19. d4 Nb6 20. Rg5 f5 21. e5 Bb4 22. h4 Na4 23. Bd2 Rd5 24. Qb3 Bxd2+ 25. Rxd2 Nb6 26. Qe3 Ra5 27. a3 Rd5 28. c3 Rd7 29. Rdg2 h6 30. Rxg6 Qxh4 31. Qf2 Qxf2 32. Rxf2 Rh7 33. Rh2 h5 34. Rh4 Kd7 35. Rg5 Reh8 36. Be2 Nd5 37. Kd2 b5 38. Bf3 a5 39. Bxd5 cxd5 40. Kc2 a4 41. Kd2 Kc6 42. Ke2 Kd7 43. Kf3 Ke7 44. Kg3 Kf7 45. Rh1 h4+ 46. Kh3 Rg8 47. Rhg1 Rxg5 48. Rxg5 Rh6 49. Rg2 Rh7 50. b3 Rh8 51. bxa4 bxa4 52. Rb2 Rc8 53. Kxh4 Rxc3 54. Rb7+ Kg6 55. Re7 Rxa3 56. Rxe6+ Kg7 57. Ra6 Ra1 58. Kg5 a3 59. Ra7+ Kf8 60. Kf6 Kg8 61. e6 a2 62. e7 Re1 63. Rxa2 Re3 64. Ra8+ Kh7 65. e8Q 1-0

[Event "EU-ch (Women) 3rd"]
[Site "Varna"]
[Date "2002.05.31"]
[Round "5"]
[White "Kaps, Darja"]
[Black "Polushkina, Svetlana"]
[Result "1-0"]
[WhiteElo "2251"]
[BlackElo "2159"]
[PlyCount "99"]
[EventDate "2002.05.27"]
[EventType "swiss"]
[EventRounds "11"]
[EventCountry "BUL"]
[SourceTitle "CBM 088 Extra"]
[Source "ChessBase"]
[SourceDate "2002.07.01"]
[SourceVersion "2"]
[SourceVersionDate "2002.07.01"]
[SourceQuality "1"]

1. e4 c6 2. d4 d5 3. exd5 cxd5 4. Bd3 Nc6 5. c3 Nf6 6. Bf4 Bg4 7. Nf3 e6 8. Nbd2 Bd6 9. Bxd6 Qxd6 10. 0-0 0-0 11. Qc2 Rfc8 12. a3 e5 13. dxe5 Nxe5 14. Nxe5 Qxe5 15. Rfe1 Qf4 16. f3 Be6 17. Nb3 Bd7 18. Nd4 Re8 19. Qf2 a6 20. Bc2 Rxe1+ 21. Rxe1 Re8 22. Rxe8+ Nxe8 23. Qe1 Qg5 24. g3 Nd6 25. h4 Qf6 26. g4 g6 27. Qg3 Qe7 28. h5 Nc4 29. hxg6 hxg6 30. Bb3 Qe3+ 31. Kg2 Qd2+ 32. Kh3 Qh6+ 33. Qh4 Qxh4+ 34. Kxh4 Nxb2 35. Bxd5 b5 36. Bb7 Na4 37. Bxa6 Nxc3 38. Kg5 Kg7 39. Kf4 Kf6 40. g5+ Ke7 41. Ke5 Nb1 42. Nxb5 Bxb5 43. Bxb5 Nxa3 44. Bd3 Ke8 45. Kd6 f6 46. gxf6 Kf7 47. Ke5 Kf8 48. Ke6 Ke8 49. f4 Kf8 50. f7 1-0

[Event "EU-ch (Women) 3rd"]
[Site "Varna"]
[Date "2002.05.29"]
[Round "3"]
[White "Seps, Monika"]
[Black "Polushkina, Svetlana"]
[Result "1/2-1/2"]
[WhiteElo "2095"]
[BlackElo "2159"]
[PlyCount "79"]
[EventDate "2002.05.27"]
[EventType "swiss"]
[EventRounds "11"]
[EventCountry "BUL"]
[SourceTitle "CBM 088 Extra"]
[Source "ChessBase"]
[SourceDate "2002.07.01"]
[SourceVersion "2"]
[SourceVersionDate "2002.07.01"]
[SourceQuality "1"]

1. e4 c6 2. d4 d5 3. Nc3 dxe4 4. Nxe4 Bf5 5. Ng3 Bg6 6. h4 h6 7. Nf3 Nf6 8. h5 Bh7 9. Bd3 Bxd3 10. Qxd3 Nbd7 11. Bd2 Qc7 12. 0-0-0 0-0-0 13. Qe2 e6 14. Ne5 Nxe5 15. dxe5 Nd5 16. c4 Nb4 17. Kb1 Be7 18. f4 Nd3 19. Ne4 Nc5 20. Nc3 Rd7 21. Be3 Rhd8 22. Rxd7 Rxd7 23. Bxc5 Bxc5 24. Ne4 Qb6 25. Rd1 Rxd1+ 26. Qxd1 Ba3 27. b3 Qe3 28. Nd6+ Kb8 29. Nxf7 Qe4+ 30. Ka1 a6 31. Qd2 Qf5 32. Nd6 Qxh5 33. Kb1 Qh1+ 34. Kc2 Qa1 35. Kd3 Bc1 36. Qa5 Qb1+ 37. Ke2 Qc2+ 38. Ke1 Be3 39. Qd8+ Ka7 40. Nc8+ 1/2-1/2

[Event "Bayern-chI Bank Hofmann 5th"]
[Site "Bad Wiessee"]
[Date "2001.10.31"]
[Round "5"]
[White "Loew, Gerald"]
[Black "Polushkina, Svetlana"]
[Result "1/2-1/2"]
[WhiteElo "2286"]
[BlackElo "2149"]
[PlyCount "67"]
[EventDate "2001.10.27"]
[EventType "swiss"]
[EventRounds "9"]
[EventCountry "GER"]
[SourceTitle "EXT 2003"]
[Source "ChessBase"]
[SourceDate "2002.11.25"]
[SourceVersion "1"]
[SourceVersionDate "2002.11.25"]
[SourceQuality "1"]

1. c4 c6 2. g3 d5 3. Bg2 Nf6 4. Nf3 dxc4 5. Qc2 Qd5 6. Nc3 Qc5 7. 0-0 Be6 8. Nd1 Nbd7 9. Ne3 g6 10. d3 cxd3 11. Qxd3 Ne5 12. Nxe5 Qxe5 13. Nc4 Qc5 14. b3 Bg7 15. Ba3 Qh5 16. Rad1 Ng4 17. h3 Ne5 18. Qc3 0-0 19. Bb2 Bxc4 20. bxc4 Rfd8 21. g4 Qh6 22. Rxd8+ Rxd8 23. Qa5 Qd2 24. Bc3 Nf3+ 25. Bxf3 Bxc3 26. Qxa7 Rd7 27. e3 Qc2 28. Qb8+ Kg7 29. Qc8 Rd6 30. Qxb7 Bf6 31. Qb3 Qxb3 32. axb3 c5 33. Rb1 Bc3 34. Rd1 1/2-1/2

[Event "Apeldoorn Aventus op"]
[Site "Apeldoorn"]
[Date "2001.09.14"]
[Round "?"]
[White "Polushkina, Svetlana"]
[Black "Jonkman, Harmen"]
[Result "0-1"]
[WhiteElo "2160"]
[BlackElo "2383"]
[PlyCount "100"]
[EventDate "2001.09.14"]
[EventType "swiss (rapid)"]
[EventRounds "6"]
[EventCountry "NED"]
[SourceTitle "CBM 085 Extra"]
[Source "ChessBase"]
[SourceDate "2002.01.21"]
[SourceVersion "1"]
[SourceVersionDate "2002.01.21"]
[SourceQuality "1"]

1. d4 d5 2. c4 dxc4 3. Nf3 e6 4. e3 Nf6 5. Nc3 a6 6. a4 c5 7. Bxc4 Nc6 8. 0-0 Bd6 9. dxc5 Bxc5 10. Qxd8+ Kxd8 11. Bd2 Ke7 12. Ng5 Bb4 13. Rfd1 Rd8 14. Nge4 Ne8 15. Na2 Bxd2 16. Rxd2 Rxd2 17. Nxd2 Bd7 18. Nc3 Nd6 19. Be2 Rc8 20. Rc1 Nb4 21. b3 e5 22. Nc4 Nxc4 23. Bxc4 Bc6 24. Rd1 f6 25. Kf1 g5 26. f3 h5 27. Kf2 h4 28. Rd2 a5 29. Nb5 Bxb5 30. Bxb5 Rc2 31. Ke2 b6 32. Rxc2 Nxc2 33. Kd2 Nb4 34. g3 hxg3 35. hxg3 Kd6 36. Kc3 Kc5 37. g4 Kd5 38. Bc4+ Kd6 39. Bb5 Kc5 40. Bc4 e4 41. fxe4 Nc6 42. Be6 Ne5 43. Bf5 Nf3 44. Be6 Ng1 45. Bc4 Kd6 46. Bf1 Nf3 47. Be2 Ne5 48. Kd4 Kc6 49. Bb5+ Kc7 50. Be2 Kd6 0-1

[Event "Oberliga NRW 0001 II"]
[Site "NRW"]
[Date "2001.04.22"]
[Round "8.8"]
[White "Gorval, Eugen"]
[Black "Polushkina, Svetlana"]
[Result "0-1"]
[WhiteElo "2337"]
[BlackElo "2092"]
[PlyCount "66"]
[EventDate "2000.09.24"]
[EventType "team"]
[EventRounds "9"]
[EventCountry "GER"]
[SourceTitle "EXT 2006"]
[Source "ChessBase"]
[SourceDate "2005.11.24"]
[SourceVersion "1"]
[SourceVersionDate "2005.11.24"]
[SourceQuality "1"]
[WhiteTeam "Brackel"]
[BlackTeam "Emsdetten Turm"]
[WhiteTeamCountry "GER"]
[BlackTeamCountry "GER"]

1. e4 c6 2. d4 d5 3. Nd2 dxe4 4. Nxe4 Bf5 5. Ng3 Bg6 6. Nf3 Nf6 7. h4 h6 8. h5 Bh7 9. Bd3 Bxd3 10. Qxd3 Nbd7 11. 0-0 Qc7 12. Re1 0-0-0 13. Qb3 e6 14. Ne5 Nxe5 15. dxe5 Qa5 16. Qe3 Nd5 17. Qe2 Nb4 18. Bd2 Qa4 19. Rec1 Nxc2 20. Qd1 Rxd2 21. Qxd2 Nxa1 22. Rxa1 Be7 23. Qe3 Bg5 24. Qd3 Bf4 25. Ne4 Bxe5 26. Rd1 Bc7 27. Nd6+ Kb8 28. Nxf7 Rf8 29. Qd7 Qf4 30. Qxe6 Qh2+ 31. Kf1 Qh1+ 32. Ke2 Qxh5+ 33. f3 Qxf7 0-1